000 00919nam a22002297a 4500
999 _c19091
_d19091
003 AR-CdUCM
008 190516b ||||| |||| 00| 0 spa d
040 _aMUNICIPALIDAD PROVINCIAL DEL CUSCO
_cBIBLIOTECA MUNICIPAL DEL CUSCO
082 _a913.85063 /
_bM433
100 _aMatos Mendieta, Ramiro
_940212
110 _aSeminario "Investigaciones Arqueológicas en el Perú 1976"
_940213
245 _aArqueología peruana /
260 _aLima :
_c1979.
300 _a213 páginas ;
_bilustraciones,
_c20 cm.
505 _aContenido: Descubrimientos de dos esqueletos humanos asociados a la cultura Paijaniense -- Arquitecto de la huaca Los Reyes -- Investigaciones arqueológicas en San José de Moro...
650 _aArqueología
_9371
650 _aInvestigación
_91940
650 _aCongresos
_92448
700 _aGarcía Soto, Rubén (traducción)
_940214
942 _2ddc
_cLIBROS
945 _adavv
_d2019-05-16